000 00586nam a22001817a 4500
003 UA-OsUOA
001 19276
007 ta
008 20040803b un ||||| |||| 00| 0 ukr d
100 _aСавчук В.
942 _cSA
040 _aUA-OsUOA
_cUA-OsUOA
_dUA-OsUOA
245 _aСпоживча кооперація [Костоп.] району : здобутки , проблеми , перспективи
300 _aС.1
955 _a0
773 0 _w0
_tВічеве слово
_dКостопіль
_d2004
_g№30/24 лип./
650 7 _aКраєзнавча робота
_2UDC
999 _c305447
_d305447